000 00920nam a22003137a 4500
001 0004113
003 KOHA_MİRAKIL
005 20260207001400.0
007 ta
008 090416b1995 tu |||gr||||#0|||1|tur |
020 _a9753634080
_c0,01
040 _aTR-BiSEU
_btur
_cTR-BiSEU
_erda
041 0 _atur
044 _ctu
050 _aPL234
_b.C46 1995
100 1 _aCengizkan, Ali.
245 1 _aŞiir ve yaşam/
_cAli Cengizkan ; Ali Cengizkan.
264 1 _aİstanbul :
_bYapı Kredi Yayınları
_c1995
300 _a145 sayfa; 23 cm.
336 _ametin
_btxt
_2rdacontent
337 _aaracısız
_bn
_2rdamedia
338 _acilt
_bnc
_2rdacarrier
490 1 _aYapı Kredi Yayınları - Şiir ;
_v46.
650 0 _aTürk edebiyatı--Şiir.
_98346
650 0 _aTurkish literature--Poetry.
_98421
830 1 _aYapı Kredi Yayınları - Şiir ;
_v46.
_99605
907 _aŞiir
942 _2lcc
_cBK
999 _c4096
_d4096